000 01106nam a22002057a 4500
999 _c63766
_d63766
003 Ge_BSU
005 20260112141349.0
008 260109s1980 ge ||||| |||| 00| 0 geo d
041 _ageo
080 _a911.3:33(47+57)(075.3) ს-88
100 _aსტროევი, კ.ფ.
_926636
245 _a სსრ კავშირის ეკონომიკური გეოგრაფია :
_bსახელმძღვ. საშ. სკოლის მე-8 კლასისათვის.
_c კ.ფ. სტროევი, მ. კოვალევსკაია, ვ.ი.რომი,
250 _aმე-3 შესწორებული გამოცემა
264 _aთბ. :
_bგანათლება,
_c1980.
300 _a 305 გვ. :
_b ილ. ;
_c22 სმ.
653 _aსსრ კავშირის ეკონომიკური გეოგრაფია
700 _aკოვალევსკაია, მ.
_eავტორი
_926646
700 _aრომი, ვ.ი.
_eავტორი
_926283
942 _2udc
_cᲬᲘᲒᲜᲘ